000 00703nam a2200253Ia 4500
005 20250425161930.0
008 250425s9999 xx 000 0 und d
020 _a1557758913
041 _aspa
082 _a657.8333045
100 _aEVANS, OWEN
245 0 _aMACROPRUDENTIAL INDICATORS OF FINANCIAL SYSTEM SOUNDNESS
250 _a1A ED.
260 _aEstados Unidos
_bINTERNATIONAL MONETARY FUND
_c2000
260 _aWASHINGTON
_bINTERNATIONAL MONETARY FUND FUND
300 _a49
500 _aOCCASIONAL PAPER 192
650 _aFINANZAS
650 _aINDICADORES FINANCIEROS
650 _aSISTEMAS
710 _aINTERNATIONAL MONETARY FUND
942 _c01
010 _a35337
999 _c219104
_d219104